000 00766nam a22002057a 4500
005 20250905132215.0
008 250905b mx ||||| |||| 00| 0 spa d
020 _a9688958883
050 0 4 _aHT371
_bG66 2000
100 1 _aGonzález Romero, Daniel.
245 1 0 _aEstudios de la ciudad
_c/ Daniel González Romero, Adriana Ines Olivares González.
250 _a1a ed.
260 _aMéxico :
_bUniversidad de Guadalajara, Centro Universitario de Arte, Arquitectura y Diseño, Departamento de Proyectos de Urbanística,
_c2000.
300 _a135 p. ;
_c22 cm.
504 _aIncluye bibliografía.
650 7 _2lemb
_aCiudades y pueblos
_xCrecimiento
650 7 _2lemb
_aUrbanización
700 1 _aOlivares González, Adriana Ines,
_eautor
942 _2lcc
_cLIB
999 _c108704
_d108704